Catálogo

PLANIFICACION PROGRAMACION PRESUPUESTACION (Registro nro. 15606)

Detalles MARC
000 -LEADER
fixed length control field 00456nam a2200169 a 4500
001 - CONTROL NUMBER
control field 15606
005 - DATE AND TIME OF LATEST TRANSACTION
control field 20180713204323.0
008 - FIXED-LENGTH DATA ELEMENTS--GENERAL INFORMATION
fixed length control field 140415s1983 000 0 spa d
041 ## - LANGUAGE CODE
Language code of text/sound track or separate title spa
082 ## - DEWEY DECIMAL CLASSIFICATION NUMBER
Classification number 350.722
Item number MOL
100 1# - MAIN ENTRY--PERSONAL NAME
Personal name MOLINA LOPEZ, GUILLERMO EDUARDO
245 10 - TITLE STATEMENT
Title PLANIFICACION PROGRAMACION PRESUPUESTACION
250 ## - EDITION STATEMENT
Edition statement 2a ed.
260 ## - PUBLICATION, DISTRIBUTION, ETC.
Place of publication, distribution, etc. [s.l.] :
Name of publisher, distributor, etc. UNAM,
Date of publication, distribution, etc. 1983
300 ## - PHYSICAL DESCRIPTION
Extent 215
650 14 - SUBJECT ADDED ENTRY--TOPICAL TERM
Topical term or geographic name entry element GASTO PUBLICO
General subdivision PRESUPUESTO
Existencias
Withdrawn status Lost status Source of classification or shelving scheme Damaged status Not for loan Collection code Home library Current library Shelving location Date acquired Source of acquisition Inventory number Total Checkouts Full call number Barcode Date last seen Price effective from Koha item type
    Dewey Decimal Classification     General Biblioteca Karol Wojtyla Biblioteca Karol Wojtyla Sala general 03/12/2013 Compra 151000000000000000048553   350.722 MOL 33253 05/01/2026 03/12/2013 Libro